Tổng tập văn học dân gian xứ Huế T.3 Vè, truyện thơ
Giới thiệu, tuyển chọn văn học dân gian xứ Huế với các thể loại vè, truyện thơ
Đã lưu trong:
| 主要作者: | |
|---|---|
| 格式: | 圖書 |
| 語言: | Vietnamese |
| 出版: |
H.
Đại học Quốc gia Hà Nội
2011
|
| 主題: | |
| 標簽: |
添加標簽
沒有標簽, 成為第一個標記此記錄!
|
| Thư viện lưu trữ: | Mạng thư viện Đại học Đà Nẵng |
|---|
| LEADER | 01398aam a22003858a 4500 | ||
|---|---|---|---|
| 001 | 000016102 | ||
| 003 | 12492 | ||
| 005 | 20120719100724.0 | ||
| 008 | 120719s2011 viesd | ||
| 020 | |d 2000b | ||
| 041 | 0 | |a vie | |
| 082 | 1 | 4 | |2 14 |a 398.20959749 |b TR-N |
| 100 | 0 | |a Triều Nguyên | |
| 245 | 1 | 0 | |a Tổng tập văn học dân gian xứ Huế |c Triều Nguyên |n T.3 |p Vè, truyện thơ |
| 260 | |a H. |b Đại học Quốc gia Hà Nội |c 2011 | ||
| 300 | |a 794tr. |c 21cm. | ||
| 500 | |a ĐTTS ghi: Hội Văn nghệ dân gian Việt Nam | ||
| 520 | |a Giới thiệu, tuyển chọn văn học dân gian xứ Huế với các thể loại vè, truyện thơ | ||
| 650 | 7 | |2 Bộ TK TVQG | |
| 650 | 7 | |2 Bộ TK TVQG | |
| 650 | 7 | |2 Bộ TK TVQG | |
| 650 | 7 | |2 Bộ TK TVQG | |
| 650 | 7 | |2 Bộ TK TVQG | |
| 651 | 7 | |2 Bộ TK TVQG |a Thừa Thiên - Huế | |
| 773 | |t Tổng tập văn học dân gian xứ Huế |w 3306 | ||
| OWN | |a LSP | ||
| AVA | |a UDN50 |b LSP |d 398.20959749 TR-N |e available |t Error 5001 Not defined in file expand_doc_bib_avail. |f 1 |g 0 |h N |i 0 |k 1 | ||
| 999 | |a From the UDN01 | ||
| AVA | |a UDN50 |b LSP |d 398.20959749 TR-N |e available |t Error 5001 Not defined in file expand_doc_bib_avail. |f 1 |g 0 |h N |i 0 |k 1 | ||
| TYP | |a Monograph | ||
| TYP | |a Printed language | ||
| 980 | |a Mạng thư viện Đại học Đà Nẵng | ||